[Event "Oberliga Sued W 0102"]
[Site "Germany"]
[Date "2002.03.17"]
[Round "?"]
[White "Shapiro, Andrey"]
[Black "Krieger, Hermann"]
[Result "1/2-1/2"]
[WhiteElo "2391"]
[BlackElo "2204"]
[PlyCount "57"]
[EventDate "2001.10.09"]
[EventType "team-tourn"]
[EventRounds "9"]
[EventCountry "GER"]
[SourceTitle "EXT 2003"]
[Source "ChessBase"]
[SourceDate "2002.11.25"]
[SourceVersion "1"]
[SourceVersionDate "2002.11.25"]
[SourceQuality "1"]

1. e4 c5 2. Nf3 Nc6 3. d3 g6 4. g3 Bg7 5. Bg2 d6 6. 0-0 e6 7. Re1 Nge7 8. Nbd2 0-0 9. Nf1 Qc7 10. c3 b6 11. h4 Bb7 12. N1h2 Rad8 13. Qe2 Ba6 14. Ng4 Ne5 15. Ngxe5 dxe5 16. Rd1 Rd6 17. Ne1 Rfd8 18. b3 Qd7 19. Bf1 f5 20. f3 Nc6 21. Qc2 Rf8 22. a4 Bb7 23. Bg2 a5 24. Ra2 Ba6 25. Bf1 h6 26. Ra1 Bb7 27. Bg2 Ba6 28. Bf1 Bb7 29. Bg2 1/2-1/2

[Event "Oberliga Sued W 0102"]
[Site "Germany"]
[Date "2001.12.16"]
[Round "?"]
[White "Repplinger, Marc"]
[Black "Shapiro, Andrey"]
[Result "0-1"]
[WhiteElo "2185"]
[BlackElo "2391"]
[PlyCount "88"]
[EventDate "2001.10.09"]
[EventType "team-tourn"]
[EventRounds "9"]
[EventCountry "GER"]
[SourceTitle "EXT 2003"]
[Source "ChessBase"]
[SourceDate "2002.11.25"]
[SourceVersion "1"]
[SourceVersionDate "2002.11.25"]
[SourceQuality "1"]

1. e4 d5 2. exd5 Nf6 3. d4 Nxd5 4. Nf3 Bg4 5. c4 Nb6 6. c5 N6d7 7. Qb3 Bxf3 8. gxf3 Qc8 9. Bc4 e6 10. Bg5 Nc6 11. Be3 Na5 12. Qa4 Nxc4 13. Qxc4 c6 14. Nc3 Qc7 15. 0-0-0 Be7 16. Rhg1 g6 17. f4 Nf6 18. Kb1 0-0-0 19. Qa4 a6 20. Ne2 Nd5 21. b4 h5 22. a3 Bf8 23. Qc2 Bh6 24. Qd2 Kd7 25. f5 Nxe3 26. fxe6+ Kxe6 27. fxe3 Kd7 28. Rdf1 Kc8 29. Nf4 Rhe8 30. Re1 Re4 31. Rgf1 Qe7 32. Qc3 Re8 33. Ng2 f5 34. Qd3 Bxe3 35. d5 cxd5 36. Qxd5 Qe6 37. Qxe6+ R8xe6 38. Nh4 f4 39. Nf3 a5 40. Kc2 axb4 41. axb4 Rxb4 42. Kd3 Rc6 43. Rb1 Rxb1 44. Rxb1 Rxc5 0-1